000 00203nam a2200097Ia 4500
008 240331s9999 xx 000 0 und d
082 _bPRA
100 _aDe Silva, T. ed
245 0 _aPrathimana
942 _cL
999 _c5538
_d5538